000 00967nam a22002897a 4500
999 _c14478
_d14478
003 MIRAKIL
005 20210813143349.0
008 210813b tu ||||| |||| 00| 0 tur d
020 _a9754942781 (tk.)
020 _a9754943036 (2c)
040 _aTR-AnCHP
_btur
_cTR-AnCHP
041 _aTur
082 _a956.102
_bT86t 1992
100 1 _aTuran, Şerafettin
_d1925-2015
245 _aTürk devrim tarihi:
_bUlusal direnişten Türkiye Cumhuriyeti'ne/
_cŞerafettin Turan.
246 _aUlusal direnişten Türkiye Cumhuriyeti'ne
260 _aAnkara:
_bBilgi Yayınevi,
_c1992.
300 _a341 s.:
_c23 sm.
490 0 _aBilgi Yayınları;
_aÖzel Dizi;
_v28/2.
504 _aKaynakça ve dizin vardır.
651 _aTürkiye
_xTarih
_xDevrim
_yKurtuluş Savaşı, 1918-1923
651 _aTürkiye
_xTarih
651 _aTürkiye
_xSiyaset ve yönetim
_yTarih
740 _aUlusal direnişten Türkiye Cumhuriyeti'ne
942 _2ddc
_cBKS
999 _d14478